| 000 | 00463nam a22001697a 4500 | ||
|---|---|---|---|
| 999 |
_c64001 _d64001 |
||
| 005 | 20181218163510.0 | ||
| 010 | _aB-218814 | ||
| 020 |
_a8183820700 _c125.00 |
||
| 035 | _aB-218796 B-218813 B-218814 | ||
| 037 |
_aDPL _bENG |
||
| 100 | _aBilly, Chris | ||
| 245 |
_aGrow rich with peach of mind / _cby Chris Billy |
||
| 260 |
_aNew Delhi _bLotus Press _c2006 |
||
| 300 |
_av, 166p. _c18 cms. |
||
| 942 |
_2ddc _cEN _h158.1 _mBIL |
||